000 00806nam a22002417a 4500
001 100141
003 UA-OsUOA
005 20201023095402.0
007 ta
008 20130522b un ||||| |||| 00| 0 ukr d
040 _aUA-OsUOA
_brus
_cUA-OsUOA
_dUA-OsUOA
041 _arus
080 _a821.161..1
090 _a821.161..1
_bТ87
100 _aТургенев И.
245 _aПолное собрание сочинений и писем в двадцати восьми томах: новъ (1876). предисловие к романам (1880)
_nт. 12
260 _aМ.
_bНаука
_c1966
300 _a581 с.
650 7 _a82 Література. Літературознавство
_2UDC
942 _cBK
_2udc
955 _a3
999 _c386379
_d386379